Quest: (Record no. 213817)
[ view plain ]
| 000 -LEADER | |
|---|---|
| fixed length control field | 00604nam a22001937a 4500 |
| 005 - DATE AND TIME OF LATEST TRANSACTION | |
| control field | 20251124143218.0 |
| 010 ## - LCCN (DPL NO) | |
| LC control number | ENG-147129 |
| 020 ## - INTERNATIONAL STANDARD BOOK NUMBER | |
| International Standard Book Number | 9789393662361 |
| Terms of availability | 550.00 |
| 035 ## - SYSTEM CONTROL NUMBER | |
| System control number | EN-1230661 |
| 037 ## - SOURCE OF ACQUISITION | |
| Source of stock number/acquisition | DBAD |
| 082 ## - DEWEY DECIMAL CLASSIFICATION NUMBER | |
| Classification number | 617.7 |
| Edition number | 3 |
| 100 ## - MAIN ENTRY--PERSONAL NAME | |
| Personal name | Ghosh, Asim Kumar |
| 245 ## - TITLE STATEMENT | |
| Title | Quest: |
| Remainder of title | A COMPREHENSIVE GUIDE TO UG OPTHALMOLOGY/ |
| Statement of responsibility, etc | Asim Kumar Ghosh: Soumyadeep Majumder [and] Purban Ganguly |
| 250 ## - EDITION STATEMENT | |
| Edition statement | 3 |
| 260 ## - PUBLICATION, DISTRIBUTION, ETC. (IMPRINT) | |
| Place of publication, distribution, etc | Kolkata |
| Name of publisher, distributor, etc | Academic publishers |
| Date of publication, distribution, etc | 2023 |
| 270 ## - ADDRESS | |
| Address | Academic publishers |
| City | Kolkata |
| Postal code | 700073 |
| 300 ## - PHYSICAL DESCRIPTION | |
| Extent | 438p. |
| Dimensions | 24cm(pb) |
| 942 ## - ADDED ENTRY ELEMENTS (KOHA) | |
| Source of classification or shelving scheme | Dewey Decimal Classification |
| Item type | English Books |
| Classification part | 616.07 |
| Call number suffix | GHO |
No items available.
